00706nam a2200217Ia 4500003000900000008004100009020001800050040001600068080001600084110000900100111007000109245011600179260003500295300002300330650004100353650000900394650002200403650001200425700002600437700002500463IN-BaIIA211028s9999 xx 000 0 eng d a0-7204-0228-X cIIA Library a523.34bTHE aNATO aNATO Advanced Study InstitutecNewcastle upon Tyne, Englandd1970 4aThe Moon and planetsbproceedings of NATO advanced study institutecedited by S. K. Runcorn and D. W. Collinson aAmsterdambNorth-Hollandc1971 a[various pagings.] aAstronomy and Astrophysics Thesaurus aMoon aPlanetary systems aPlanets aCollinson, D. W., ed. aRuncorn, S. K ., ed.